Derecho usual y práctica forense /
Guardado en:
| Autor Principal: | |
|---|---|
| Formato: | Libro |
| Publicado: |
Argentina :
Braga,
1985
|
| Materias: | |
| Etiquetas: |
Agregar Etiqueta
Sin Etiquetas, Sea el primero en etiquetar este registro!
|
| LEADER | 01086nam a22002775a 4500 | ||
|---|---|---|---|
| 001 | CEM.cems003564 | ||
| 008 | 130507s1985##################000#0#####d | ||
| 005 | 20241217132216.0 | ||
| 245 | 1 | 0 | |a Derecho usual y práctica forense / |
| 260 | |a Argentina : |b Braga, |c 1985 | ||
| 300 | |a 391 p. | ||
| 505 | 0 | |a ejecutivo, desalojo; Procedimientos ante la justicia del trabajo; Proceso criminal y correccional | |
| 100 | 1 | |a Kechichian, Roberto | |
| 082 | 0 | 4 | |a 346 |
| 653 | |a Actos juridicos | ||
| 653 | |a Argentina-codigo civil | ||
| 653 | |a Contratos | ||
| 653 | |a Derecho | ||
| 653 | |a Derecho natural | ||
| 859 | |a CEMS |b BIB. CEMS - 11 de abril |h 346 |i K233 |p 14151.86 |t Ej.1 | ||
| 859 | |a CEMS |b BIB. CEMS - 11 de abril |h 346 |i K233 |p 14150.86 |t Ej.2 | ||
| 859 | |a CEMS |b BIB. CEMS - 11 de abril |h 346 |i K233 |p 14469.87 |t Ej.3 | ||
| 859 | |a CEMS |b BIB. CEMS - 11 de abril |h 346 |i K233 |p 14470.87 |t Ej.4 | ||
| 859 | |a CEMS |b BIB. CEMS - 11 de abril |h 346 |i K233 |p 14472.87 |t Ej.6 | ||
| 859 | |a CEMS |b BIB. CEMS - 11 de abril |h 346 |i K233 |p 14473.87 |t Ej.7 | ||
| 859 | |a CEMS |b BIB. CEMS - 11 de abril |h 346 |i K233 |p 14656.87 |t Ej.8 | ||
